000 01081nam a22002537a 4500
005 20170124103110.0
010 _aA-265206
020 _c20.00
035 _aA-265206
037 _bCen Lib/Ret
040 _aDPL
_bHN
082 _a230.2204
_bघनश्या
100 _aघनश्याम नारायण सिंह
_97439
245 _aपुराणों के झरोखों से /
_cघनश्याम नारायण सिंह
246 _aPuranon ke jharokhon se /
_bby Ghanshyama Narayan Singh
260 _aदिल्ली
_bभावना प्रकाशन
_c1985
270 _bदिल्ली
_e110092
300 _a88पृ.
_c17सेमी(सजिल्द)
650 _aहिन्दू धर्म
_91413
650 _aपुराण -- हिन्दू
_979505
650 _aHindu religion
_979506
650 _aMythology - Hindu
_99466
942 _2ddc
_cHN
_h230.2204
_mघनश्या
999 _c118323
_d118323